LEADER 01141aam a2200265 u 4500 001 000000010629 003 CaOOAMICUS 005 20070226105334.0 008 940711s1979 fr u000 u fre u 035 $a10264272 040 $aBAV$bita 245 03$aLe diocèse de Grenoble /$csous la direction de Bernard Bligny ; postface de Mgr. Matagrin. 260 $aParis :$bBeauchesne,$c1979. 300 $a352 p. ;$c22 cm 490 1 $aHistoire des diocèses de France ;$v12 610 14$aGrenoble (diocesi)$xStoria.$0(OLS)http://pul/subject/8391 700 1 $aBligny, Bernard.$0(OLS)http://pul/name/10428 700 1 $aVregille, Bernard de,$cS.I.$0(OLS)http://pul/name/10430 700 1 $aMatagrin, Gabriel,$csac.$0(OLS)http://pul/name/10429 830 0$aHistoire des diocèses de France ;$v12.$0(OLS)http://pul/title/15502 850 $aPUL 852 $aPUL$W1$xSL Filosofia 1$y2$m126 F 47.12$j15098$nBK-PRI$qStampati$B15098$CPULBib$Z2$F15098 $H93997 $82 941 1 $a8 996 $6245$aLe diocèse de Grenoble$9(OLS)http://pul/title/15501 996 $6260$aParis :$bBeauchesne$9(OLS)http://pul/publisher/48115 LEADER 01816nam a2200325 a 4500 001 000000133684 003 CaOOAMICUS 005 20130424132734.0 008 130424s2008 miu u000 u eng r 020 $a978-0-8028-2724-1 040 $aPUL$bita 082 04$a301.092 100 1 $aKampowski, Stephan Martin.$0(OLS)http://pul/name/57074 245 10$aArendt, Augustine, and the new beginning :$bthe action theory and moral thought of Hannah Arendt in the light of her dissertation on St. Augustine /$cStephan Martin Kampowski. 260 $aGrand Rapids, Michigan :$bWilliam B. Eerdmans,$c2008. 300 $axx, 364 p. ;$c24 cm 500 $aSul front.: "Pontifical John Paul II Institute for Studies on Marriage and Family, Rome". "Winner of the John Paul II Institute's 2005 Sub auspiciis award for the publication of outstanding dissertations." 504 $aBibliografia p. 344-356. 600 04$aAugustinus,$cs., vesc. d'Ippona,$d354-430.$0(OLS)http://pul/subject/758 600 14$aArendt, Hannah,$d1906-1975.$0(OLS)http://pul/subject/22684 650 4$aSociologia$xStudi.$0(OLS)http://pul/subject/6921 850 $aPUL 852 $aPUL$W1$xSL Diritto e Scienze Sociali 3$y79$m301. 092 KAMST 1$j153659$qDDC 21$B153224$CPULBib$Z2$F153224 $H122288 $82 941 1 $a9 960 $aAgostino,$cs., vesc. d'Ippona,$d354-430$9758 996 $6020$a978-0-8028-2724-1$9(OLS)http://pul/number/152546 996 $6082$a301.092$9(OLS)http://pul/classification/2506 996 $6245$aArendt, Augustine, and the new beginning :$bthe action theory and moral thought of Hannah Arendt in the light of her dissertation on St. Augustine$9(OLS)http://pul/title/168980 996 $6260$aGrand Rapids, Michigan :$bWilliam B. Eerdmans$9(OLS)http://pul/publisher/75713